| 000 | 00483nam a22001817a 4500 | ||
|---|---|---|---|
| 003 | CEME | ||
| 005 | 20210628204014.0 | ||
| 008 | 210113b xxu||||| |||| 00| 0 eng d | ||
| 020 | _a9788172235451 | ||
| 040 | _cceme | ||
| 082 | _a869.342 COE | ||
| 100 |
_aCoelho, Paulo _93636 |
||
| 245 | _aManual of the warrior of light | ||
| 260 |
_aNEW DELHI _bHARPER _c2011 |
||
| 300 | _aXIII, 278P | ||
| 650 |
_aENGLISH LITERATURE-MANUAL OF THE WARRIOR OF LIGHT. _968212 |
||
| 942 |
_cBK _2ddc |
||
| 999 |
_c575837 _d575837 |
||